00495nam a2200157Ia 4500001000700000008004100007035001500048041000800063084001900071245013100090260002600221300002100247650001200268650001600280650004100296004550221003s1999 xx 000 0 spa d aCENDO_9283 aspa aMU-00026-00003 0aTercer borrador Anteproyecto de Ley para promover la conciliación de la vida familiar y laboral de las personas trabajadoras a[S.l. :bs.n.],c1999 a11 h. ;c 30 cm aMUJERES aLEGISLACION 0aCONCILIACION VIDA FAMILIAR Y LABORAL